000
00294nam a22001337a 4500
008
171101b xxu||||| |||| 00| 0 eng d
020
_a
0135795575
041
_a
eng
080
_a
339
100
_a
59
101
_a
TRE
245
_a
MEXICO AND THE UNITED STATES
_c
BRIDE,R,H
942
_2
udc
_c
BK
999
_c
37074
_d
37074